熊本市中央区の町名クイズ - Statistics

General Stats
  • This quiz has been taken 3 times
  • The average score is 27 of 109
Answer Stats
頭文字 町 名 % Correct
安政町
67%
井川淵町
67%
上通町
67%
北千反畑町
67%
黒髪
67%
壺川
67%
呉服町
67%
桜町
67%
下通
67%
新市街
67%
城東町
67%
水道町
67%
坪井
67%
二の丸
67%
本丸
67%
南千反畑町
67%
薬園町
67%
出水
33%
板屋町
33%
魚屋町
33%
江津
33%
大江
33%
帯山
33%
鍛冶屋町
33%
上鍛冶屋町
33%
辛島町
33%
河原町
33%
京町
33%
京町本丁
33%
草葉町
33%
九品寺
33%
慶徳堀町
33%
子飼本町
33%
国府
33%
国府本町
33%
古城町
33%
米屋町
33%
新大江
33%
新町
33%
水前寺
33%
水前寺公園
33%
船場町
33%
段山本町
33%
中央街
33%
手取本丁
33%
通町
33%
渡鹿
33%
西子飼町
33%
白山
33%
八王子町
33%
花畑町
33%
春竹町春竹
33%
東京塚町
33%
東子飼町
33%
平成
33%
南熊本
33%
南坪井町
33%
迎町
33%
本山
33%
本山町
33%
山崎町
33%
弥生町
33%
世安町
33%
万町
33%
練兵町
33%
内坪井町
0%
大江本町
0%
岡田町
0%
上京塚町
0%
上水前寺
0%
上林町
0%
川端町
0%
神水
0%
神水本町
0%
小沢町
0%
湖東
0%
琴平
0%
琴平本町
0%
紺屋阿弥陀寺町
0%
紺屋町
0%
紺屋今町
0%
細工町
0%
三郎
0%
島崎
0%
新鍛冶屋町
0%
新屋敷
0%
十禅寺
0%
十禅寺町
0%
菅原町
0%
船場町下
0%
千葉城町
0%
中唐人町
0%
西阿弥陀寺町
0%
西唐人町
0%
萩原町
0%
東阿弥陀寺町
0%
古桶屋町
0%
古川町
0%
古京町
0%
古大工町
0%
保田窪
0%
本荘
0%
本荘町
0%
松原町
0%
宮内
0%
妙体寺町
0%
室園町
0%
横紺屋町
0%
横手
0%
No matching quizzes found
Score Distribution
Percent of People with Each Score
Percentile by Number Answered
Your Score History
You have not taken this quiz